La Liga Managers 2025/2026 - Statistics

General Stats
  • This quiz has been taken 350 times
    66 since last reset
  • The average score is 13 of 20
Answer Stats
Team Since Manager % Correct
Atlético Madrid 2011 Diego Simeone
100%
Barcelona 2024 Hansi Flick
98%
Real Madrid 2025 Xabi Alonso
98%
Athletic Club 2022 Ernesto Valverde
76%
Real Betis 2020 Manuel Pellegrini
76%
Girona 2021 Míchel
71%
Villarreal 2023 Marcelino
67%
Getafe 2023 José Bordalás
66%
Celta Vigo 2024 Claudio Giráldez
59%
Deportivo Alavés 2024 Eduardo Coudet
59%
Real Mallorca 2024 Jagoba Arrasate
59%
Valencia 2024 Carlos Corberán
57%
Rayo Vallecano 2024 Iñigo Pérez
57%
Espanyol 2024 Manolo González
53%
Elche 2024 Eder Sarabia
48%
Sevilla 2025 Matías Almeyda
48%
Osasuna 2025 Alessio Lisci
47%
Real Sociedad 2025 Sergio Francisco
45%
Levante 2024 Julián Calero
41%
Real Oviedo 2025 Veljko Paunović
36%
No matching quizzes found
Score Distribution
Percent of People with Each Score
Percentile by Number Answered
Your Score History
You have not taken this quiz since the last reset